[Event "Chigorin Memorial 29th"]
[Site "St Petersburg"]
[Date "2022.10.24"]
[Round "3"]
[White "Ivanov, Nikolay A"]
[Black "Garmash, Elizaveta"]
[Result "1/2-1/2"]
[WhiteElo "1754"]
[BlackElo "1423"]
[PlyCount "80"]
[EventDate "2022.10.22"]
[EventType "swiss"]
[EventRounds "9"]
[EventCountry "RUS"]
[SourceTitle "EXT 2024"]
[Source "ChessBase"]
[SourceDate "2023.10.10"]
[SourceVersion "1"]
[SourceVersionDate "2023.10.10"]
[SourceQuality "1"]

1. Nf3 Nf6 2. c4 c5 3. g3 e6 4. Bg2 Nc6 5. 0-0 Be7 6. Nc3 d5 7. cxd5 exd5 8. d4 0-0 9. dxc5 Bxc5 10. Bg5 d4 11. Bxf6 Qxf6 12. Ne4 Qe7 13. Nxc5 Qxc5 14. Rc1 Qb6 15. Rc2 Bf5 16. Rd2 Rad8 17. Qa4 d3 18. exd3 Rxd3 19. Rfd1 Rfd8 20. Rxd3 Bxd3 21. Rd2 h6 22. Qd1 Be4 23. Rxd8+ Qxd8 24. Qxd8+ Nxd8 25. Ne5 Bxg2 26. Kxg2 f6 27. Nd3 Kf7 28. Kf3 Ke6 29. Ke4 f5+ 30. Kd4 Kd6 31. f4 Nc6+ 32. Kc4 g5 33. b4 a6 34. a4 gxf4 35. gxf4 Ne7 36. Kd4 Nc6+ 37. Kc4 Ne7 38. Kd4 Nc6+ 39. Kc4 Ne7 40. Kd4 Nc6+ 1/2-1/2

[Event "RUS-ch Silent"]
[Site "Zelenograd"]
[Date "2020.10.10"]
[Round "9"]
[White "Antipin, Alexander"]
[Black "Ivanov, Nikolay A"]
[Result "0-1"]
[WhiteElo "1750"]
[BlackElo "1794"]
[PlyCount "110"]
[EventDate "2020.10.03"]
[EventType "swiss"]
[EventRounds "11"]
[EventCountry "RUS"]
[SourceTitle "EXT 2022"]
[Source "ChessBase"]
[SourceDate "2021.10.06"]
[SourceVersion "1"]
[SourceVersionDate "2021.10.06"]
[SourceQuality "1"]

1. e4 c5 2. Nc3 e6 3. Nf3 Nc6 4. Be2 Nf6 5. d3 a6 6. a4 Be7 7. 0-0 d5 8. Bg5 0-0 9. h3 d4 10. Nb1 e5 11. Nbd2 Ne8 12. Bxe7 Qxe7 13. Nc4 Rb8 14. a5 Nd6 15. Ncd2 Re8 16. Nh2 Qd8 17. Nb3 c4 18. Nd2 cxd3 19. cxd3 Nxa5 20. f4 Nc6 21. f5 f6 22. Bh5 Rf8 23. g4 Bd7 24. Kh1 Be8 25. Rg1 g5 26. h4 h6 27. hxg5 hxg5 28. Nhf3 Kg7 29. Kg2 Rh8 30. Rh1 Bf7 31. Kf2 Qe8 32. Ng1 Rh6 33. Nf1 Bxh5 34. gxh5 Qf7 35. Ng3 Kf8 36. Qd2 Ke7 37. Nf3 Kd7 38. Qe2 Rbh8 39. Nd2 Ne8 40. Rh2 Ng7 41. Rah1 Kc7 42. Qg4 Qa2 43. Rb1 Kb8 44. Qe2 Nb4 45. Kg2 Rc8 46. Rhh1 Nc2 47. Nc4 Qb3 48. Kf2 Nb4 49. Rhd1 b5 50. Nd6 Rc2 51. Rd2 Nxd3+ 52. Kg1 Nf4 53. Qe1 Rxd2 54. Qxd2 Qxg3+ 55. Kf1 Rxh5 0-1

[Event "RUS-ch Silent"]
[Site "Zelenograd"]
[Date "2020.10.10"]
[Round "8"]
[White "Ivanov, Nikolay A"]
[Black "Kozlov, Valery Ger"]
[Result "1/2-1/2"]
[WhiteElo "1794"]
[BlackElo "1780"]
[PlyCount "146"]
[EventDate "2020.10.03"]
[EventType "swiss"]
[EventRounds "11"]
[EventCountry "RUS"]
[SourceTitle "EXT 2022"]
[Source "ChessBase"]
[SourceDate "2021.10.06"]
[SourceVersion "1"]
[SourceVersionDate "2021.10.06"]
[SourceQuality "1"]

1. c4 e6 2. Nf3 Nf6 3. Nc3 d5 4. d4 c6 5. e3 Bd6 6. Bd3 Nbd7 7. Qc2 e5 8. cxd5 cxd5 9. dxe5 Nxe5 10. Nxe5 Bxe5 11. Bb5+ Bd7 12. Qa4 Bxc3+ 13. bxc3 0-0 14. Bxd7 Qxd7 15. Qxd7 Nxd7 16. Rb1 b6 17. Rb5 Nf6 18. f3 Rac8 19. Bd2 Rc4 20. Ke2 Re8 21. Kd3 Rec8 22. Rhb1 Kf8 23. R1b4 Ke7 24. a4 R8c5 25. Rxc5 Rxc5 26. Be1 Ke6 27. c4 dxc4+ 28. Rxc4 Nd7 29. Kc3 a6 30. e4 Rxc4+ 31. Kxc4 Nc5 32. a5 Nd7 33. axb6 Nxb6+ 34. Kc5 Nd7+ 35. Kc6 Ne5+ 36. Kb6 f5 37. exf5+ Kxf5 38. Kxa6 g5 39. Bg3 Ng6 40. Kb5 h5 41. Kc4 h4 42. Bd6 g4 43. Kd3 gxf3 44. gxf3 Nh8 45. Ke3 Nf7 46. Be7 h3 47. Ba3 Ne5 48. Bc1 Ng6 49. Kf2 Ne5 50. Kg3 Nd3 51. Be3 Ne5 52. Bb6 Nd7 53. Bc7 Nf6 54. Kxh3 Nd5 55. Bd6 Nf6 56. Kg3 Nh5+ 57. Kf2 Nf6 58. Ke3 Nd5+ 59. Kd4 Nf6 60. Bc7 Nd7 61. h4 Nf8 62. Ke3 Ne6 63. Bd6 Ng7 64. Be7 Ne6 65. Bd6 Ng7 66. Bb8 Ne6 67. Kf2 Ng7 68. Ba7 Ne6 69. Be3 Nf8 70. h5 Ne6 71. Kg3 Nd8 72. h6 Kg6 73. Kg4 Kf7 1/2-1/2

[Event "RUS-ch Silent"]
[Site "Zelenograd"]
[Date "2019.04.12"]
[Round "10"]
[White "Ivanov, Nikolay A"]
[Black "Kudriavtsev, Yury"]
[Result "1-0"]
[WhiteElo "1854"]
[BlackElo "1709"]
[PlyCount "53"]
[EventDate "2019.04.03"]
[EventType "swiss"]
[EventRounds "11"]
[EventCountry "RUS"]
[SourceTitle "CBM 190 Extra"]
[Source "ChessBase"]
[SourceDate "2019.07.15"]
[SourceVersion "1"]
[SourceVersionDate "2019.07.15"]
[SourceQuality "1"]

1. c4 c5 2. g3 Nc6 3. Bg2 g6 4. Nc3 Nf6 5. Nf3 Bg7 6. 0-0 0-0 7. d3 e6 8. Bg5 b6 9. Rb1 Bb7 10. a3 a5 11. Ne1 d6 12. Nc2 h6 13. Bd2 d5 14. b4 axb4 15. axb4 dxc4 16. dxc4 cxb4 17. Nxb4 Na5 18. Bxb7 Nxb7 19. Nd3 Na5 20. Rb4 Qd6 21. Qb1 Nd7 22. Rc1 Rfc8 23. Na4 Rc6 24. Be3 Rac8 25. Nxb6 Nxb6 26. Rxb6 Nxc4 27. Rxc4 1-0

[Event "RUS-ch Silent"]
[Site "Zelenograd"]
[Date "2018.11.02"]
[Round "10"]
[White "Ivanov, Nikolay A"]
[Black "Petrenko, Mikhail"]
[Result "1-0"]
[WhiteElo "1862"]
[BlackElo "1925"]
[PlyCount "115"]
[EventDate "2018.10.25"]
[EventType "swiss"]
[EventRounds "11"]
[EventCountry "RUS"]
[SourceTitle "EXT 2020"]
[Source "ChessBase"]
[SourceDate "2019.10.17"]
[SourceVersion "1"]
[SourceVersionDate "2019.10.17"]
[SourceQuality "1"]

1. c4 e5 2. Nc3 Nf6 3. g3 d5 4. cxd5 Nxd5 5. Bg2 Nb6 6. Nf3 Nc6 7. a3 Be7 8. b4 a6 9. 0-0 Be6 10. d3 0-0 11. Be3 f6 12. Ne4 Nd5 13. Bc5 Rb8 14. Rc1 Bd6 15. e3 Qd7 16. Bxd6 cxd6 17. Nc3 Nxc3 18. Rxc3 Rbc8 19. Qd2 Rc7 20. Rfc1 Rfc8 21. d4 Bf7 22. dxe5 dxe5 23. Qxd7 Rxd7 24. Bh3 Rcd8 25. Bxd7 Rxd7 26. Ne1 Bg6 27. Nc2 Kf7 28. Na1 Ke7 29. Nb3 Nd8 30. Rc7 Ne6 31. Rxd7+ Kxd7 32. Nc5+ Nxc5 33. Rxc5 Be4 34. Kf1 b6 35. Rc3 Bc6 36. Ke1 e4 37. Kd2 Kd6 38. Rc4 h5 39. Kc3 Bd5 40. Rc8 Ke5 41. Re8+ Kf5 42. Kd4 Bc6 43. Rc8 Bb5 44. Rb8 Kg4 45. Rxb6 Kf3 46. Rxb5 axb5 47. a4 bxa4 48. b5 a3 49. Kc3 Kxf2 50. b6 a2 51. Kb2 Kxe3 52. b7 Kf2 53. b8Q e3 54. Qf4+ Ke2 55. Kxa2 g5 56. Qxf6 Ke1 57. Qxg5 e2 58. Qxh5 1-0

[Event "RUS-ch Silent"]
[Site "Zelenograd"]
[Date "2018.10.31"]
[Round "8"]
[White "Rubel, Maxim"]
[Black "Ivanov, Nikolay A"]
[Result "0-1"]
[WhiteElo "1477"]
[BlackElo "1862"]
[PlyCount "68"]
[EventDate "2018.10.25"]
[EventType "swiss"]
[EventRounds "11"]
[EventCountry "RUS"]
[SourceTitle "EXT 2020"]
[Source "ChessBase"]
[SourceDate "2019.10.17"]
[SourceVersion "1"]
[SourceVersionDate "2019.10.17"]
[SourceQuality "1"]

1. d4 Nf6 2. c4 c5 3. d5 b5 4. cxb5 a6 5. bxa6 g6 6. Nc3 Bxa6 7. g3 d6 8. Bg2 Bg7 9. Nf3 0-0 10. 0-0 Nbd7 11. Rb1 Qa5 12. h3 Rfb8 13. Re1 Nb6 14. e4 Nfd7 15. Qc2 Nc4 16. Nd2 Nde5 17. Nb3 Qb4 18. Rd1 Na5 19. Nxa5 Qxa5 20. Bf1 Bxf1 21. Rxf1 Nc4 22. Ra1 Rb7 23. a4 Rab8 24. Nb5 Rxb5 25. axb5 Qxa1 26. Qxc4 Qa5 27. b3 Qxb5 28. Bd2 Qxb3 29. Qxb3 Rxb3 30. Rc1 f5 31. exf5 gxf5 32. Bg5 Kf7 33. Re1 Bf6 34. Bf4 Rd3 0-1

[Event "RUS-ch Silent"]
[Site "Zelenograd"]
[Date "2018.10.30"]
[Round "7"]
[White "Ivanov, Nikolay A"]
[Black "Davydov, Evgeny G"]
[Result "0-1"]
[WhiteElo "1862"]
[BlackElo "1959"]
[PlyCount "102"]
[EventDate "2018.10.25"]
[EventType "swiss"]
[EventRounds "11"]
[EventCountry "RUS"]
[SourceTitle "EXT 2020"]
[Source "ChessBase"]
[SourceDate "2019.10.17"]
[SourceVersion "1"]
[SourceVersionDate "2019.10.17"]
[SourceQuality "1"]

1. c4 c5 2. g3 Nf6 3. Bg2 d5 4. cxd5 Nxd5 5. Nc3 Nxc3 6. bxc3 e6 7. Nf3 Be7 8. 0-0 0-0 9. d4 Nc6 10. e4 b6 11. Be3 Ba6 12. Re1 cxd4 13. cxd4 Na5 14. Rc1 Rc8 15. Qa4 Qd6 16. Rxc8 Rxc8 17. Rc1 Rxc1+ 18. Bxc1 Qc6 19. Qxc6 Nxc6 20. Bf1 Bxf1 21. Kxf1 b5 22. Bd2 Kf8 23. Ke2 Bb4 24. Kd3 Bxd2 25. Kxd2 Ke7 26. Kc3 a5 27. a3 f6 28. Nd2 Kd6 29. Nb3 h5 30. f3 g5 31. h3 f5 32. g4 hxg4 33. hxg4 f4 34. Kd3 b4 35. axb4 Nxb4+ 36. Kc4 Nc6 37. Kb5 e5 38. d5 Nb4 39. Nxa5 Nxd5 40. Nc4+ Ke6 41. exd5+ Kxd5 42. Nb6+ Kd4 43. Nd7 e4 44. fxe4 f3 45. e5 f2 46. e6 f1Q+ 47. Kc6 Qf3+ 48. Kc7 Qxg4 49. e7 Qe6 50. Kd8 g4 51. Nf6 Qxf6 0-1

[Event "RUS-ch Silent"]
[Site "Zelenograd"]
[Date "2018.10.29"]
[Round "6"]
[White "Ivanov, Nikolay A"]
[Black "Kudriavtsev, Yury"]
[Result "1-0"]
[WhiteElo "1862"]
[BlackElo "1799"]
[PlyCount "127"]
[EventDate "2018.10.25"]
[EventType "swiss"]
[EventRounds "11"]
[EventCountry "RUS"]
[SourceTitle "EXT 2020"]
[Source "ChessBase"]
[SourceDate "2019.10.17"]
[SourceVersion "1"]
[SourceVersionDate "2019.10.17"]
[SourceQuality "1"]

1. c4 c5 2. Nf3 Nc6 3. g3 g6 4. Bg2 Bg7 5. 0-0 Nf6 6. Nc3 0-0 7. d3 e6 8. Be3 b6 9. Qc1 d5 10. Bh6 Bb7 11. Bxg7 Kxg7 12. e3 Rc8 13. Re1 Qd7 14. Qd1 Rfd8 15. Qe2 Re8 16. b3 Rcd8 17. Qb2 Kg8 18. Nxd5 Nxd5 19. cxd5 exd5 20. d4 Qd6 21. Red1 Qf6 22. Rac1 cxd4 23. Nxd4 Rd7 24. Qd2 Nxd4 25. Qxd4 Qxd4 26. Rxd4 f5 27. h3 Kf7 28. g4 Kf6 29. Kh2 Ree7 30. Kg3 Ke6 31. Rcd1 Rf7 32. h4 fxg4 33. Rxg4 Rc7 34. Rgd4 Rc2 35. R1d2 Rxd2 36. Rxd2 Re7 37. Bh3+ Kf6 38. Rd4 Rc7 39. Rd2 Re7 40. Bg2 Ke6 41. Bf1 Rc7 42. Bd3 Kf6 43. Kf4 Rc8 44. Rc2 Rxc2 45. Bxc2 Bc8 46. a3 Bd7 47. Bd3 Bc6 48. b4 Bd7 49. Bf1 h6 50. Bg2 Be6 51. Kg3 g5 52. hxg5+ hxg5 53. Bf3 Ke5 54. Bg4 Bf5 55. f4+ gxf4+ 56. exf4+ Ke6 57. Bxf5+ Kxf5 58. Kf3 b5 59. Ke3 Kg4 60. Kd4 Kxf4 61. Kxd5 a6 62. Kc5 Ke4 63. Kb6 Kd4 64. Kxa6 1-0

[Event "RUS-ch Silent"]
[Site "Zelenograd"]
[Date "2017.09.20"]
[Round "2"]
[White "Ivanov, Nikolay A"]
[Black "Sirotinin, Vladimir"]
[Result "1-0"]
[WhiteElo "1838"]
[BlackElo "1533"]
[PlyCount "65"]
[EventDate "2017.09.19"]
[EventType "swiss"]
[EventRounds "11"]
[EventCountry "RUS"]
[SourceTitle "EXT 2019"]
[Source "ChessBase"]
[SourceDate "2018.10.10"]
[SourceVersion "1"]
[SourceVersionDate "2018.10.10"]
[SourceQuality "1"]

1. Nf3 Nf6 2. c4 c5 3. Nc3 e6 4. g3 d5 5. cxd5 Nxd5 6. Bg2 Nxc3 7. bxc3 Qc7 8. 0-0 Be7 9. d4 0-0 10. Bf4 Bd6 11. Bxd6 Qxd6 12. Qb3 Nc6 13. Rfd1 cxd4 14. Nxd4 Nxd4 15. Rxd4 Qe7 16. Rb4 Rb8 17. a4 b6 18. a5 Bb7 19. e4 Ba8 20. axb6 Rxb6 21. Rxb6 axb6 22. Qxb6 Qd8 23. Qb4 f5 24. exf5 Bxg2 25. Kxg2 Qd5+ 26. Kg1 Qxf5 27. Qd4 e5 28. Qd5+ Kh8 29. f4 h6 30. Qxe5 Qxe5 31. fxe5 Re8 32. Re1 Re6 33. Kf2 1-0

[Event "Voronezh op-B 20th"]
[Site "Voronezh"]
[Date "2016.06.19"]
[Round "7"]
[White "Lesnykh, Zhanna"]
[Black "Ivanov, Nikolay A"]
[Result "0-1"]
[WhiteElo "1461"]
[BlackElo "1893"]
[PlyCount "108"]
[EventDate "2016.06.12"]
[EventType "swiss"]
[EventRounds "9"]
[EventCountry "RUS"]
[SourceTitle "EXT 2017"]
[Source "ChessBase"]
[SourceDate "2016.10.25"]
[SourceVersion "1"]
[SourceVersionDate "2016.10.25"]
[SourceQuality "1"]

1. e4 c5 2. Nf3 e6 3. d4 cxd4 4. Nxd4 Nc6 5. Nxc6 bxc6 6. Bd3 d5 7. exd5 cxd5 8. 0-0 Nf6 9. Bf4 Qb6 10. b3 Bd7 11. Be5 Be7 12. c4 dxc4 13. Bxc4 Bb5 14. Bxb5+ Qxb5 15. Bb2 0-0 16. Nc3 Qf5 17. Rc1 Rfd8 18. Qc2 Qf4 19. Rfd1 Ng4 20. g3 Qh6 21. h4 Rac8 22. Qe4 f5 23. Qe2 Bc5 24. Kg2 Bxf2 25. Rd3 Rxd3 26. Qxd3 Qe3 27. Qd7 Qxg3+ 28. Kf1 Qh3+ 29. Ke2 Qe3+ 30. Kd1 Qd4+ 31. Qxd4 Bxd4 32. Nb5 Rxc1+ 33. Bxc1 Bb6 34. Bb2 g6 35. Nd4 Kf7 36. Ke2 e5 37. Nf3 Kf6 38. Ng5 h6 39. Nf3 Ke6 40. Nd2 Nf6 41. Nc4 Bc7 42. Na3 g5 43. hxg5 hxg5 44. Nb5 Bb6 45. Na3 g4 46. Nc4 Bc7 47. Kf2 f4 48. Na3 Kf5 49. Nb5 Bb6+ 50. Kg2 f3+ 51. Kf1 Ne4 52. Na3 g3 53. Nc4 g2+ 54. Ke1 g1Q# 0-1

[Event "Chigorin Memorial 23rd"]
[Site "St Petersburg"]
[Date "2015.10.04"]
[Round "2"]
[White "Sedina, Elena"]
[Black "Ivanov, Nikolay A"]
[Result "1/2-1/2"]
[WhiteElo "2322"]
[BlackElo "1895"]
[PlyCount "120"]
[EventDate "2015.10.03"]
[EventType "swiss"]
[EventRounds "9"]
[EventCountry "RUS"]
[SourceTitle "CBM 168 Extra"]
[Source "ChessBase"]
[SourceDate "2015.10.29"]
[SourceVersion "1"]
[SourceVersionDate "2015.10.29"]
[SourceQuality "1"]

1. e4 c5 2. Nf3 e6 3. c3 d5 4. e5 Bd7 5. d4 Qb6 6. Bd3 Bb5 7. dxc5 Bxc5 8. b4 Be7 9. Be3 Qa6 10. Bxb5+ Qxb5 11. a4 Qd7 12. 0-0 h5 13. Nbd2 Nh6 14. Nb3 Nf5 15. Bc5 Nc6 16. Bxe7 Ncxe7 17. Qd3 Rc8 18. Rfd1 Qc7 19. Qb5+ Nc6 20. Na5 b6 21. Nxc6 Qxc6 22. Nd4 Qxb5 23. axb5 Nxd4 24. Rxd4 Rc7 25. Kf1 Ke7 26. Ke2 Ra8 27. Kd2 Kd7 28. f4 Kc8 29. Rf1 g6 30. f5 gxf5 31. Rh4 a5 32. bxa6 Rxa6 33. Rc1 Ra2+ 34. Rc2 Rxc2+ 35. Kxc2 Kd7 36. Kd3 b5 37. Rxh5 Rc4 38. Rh7 Ke7 39. Rh8 Re4 40. Rb8 Rxe5 41. Rxb5 Re4 42. Rb7+ Kf6 43. b5 Rh4 44. h3 Rh8 45. Ra7 Rg8 46. Ra2 Ke5 47. Re2+ Kd6 48. c4 Kc5 49. cxd5 Kxd5 50. Ke3 Rg3+ 51. Kf4 Rb3 52. Rd2+ Kc5 53. Rd7 Rxb5 54. Rxf7 Kd6 55. g4 Rb4+ 56. Kg5 fxg4 57. hxg4 e5 58. Rf1 Ke6 59. Ra1 Rf4 60. Kh5 Rf2 1/2-1/2